[Event "Munich op9293"]
[Site "Munich"]
[Date "1993.??.??"]
[Round "2"]
[White "Groszpeter, Attila"]
[Black "Poldauf, Dirk"]
[Result "1-0"]
[WhiteElo "2520"]
[BlackElo "2345"]

1.d4 Nf6 2.c4 g6 3.Nc3 Bg7 4.e4 d6 5.Nf3 O-O 6.Be2 e5 7.O-O Na6 8.Re1 c6
9.Rb1 Qe7 10.c5 dxc5 11.dxe5 Ng4 12.Bxa6 bxa6 13.Qd6 Re8 14.Qxe7 Rxe7 15.Bf4 Nxe5
16.Nxe5 Bxe5 17.Bxe5 Rxe5 18.Rbd1 Re8 19.Rd6 Rb8 20.Re2 Rb6 21.Na4 Rb5 22.Rxc6 Bb7
23.Rxc5 Rxe4 24.Rxe4 Bxe4 25.f3 Rxc5 26.Nxc5 Bd5 27.a3 a5 28.Nd7 Bc6 29.Ne5 Bb5
30.Kf2 f6 31.Ng4 Kf7 32.Ke3 Ke6 33.Kd4 h5 34.Ne3 Kd6 35.Nd5 Bf1 36.Ne3 Bb5
37.g3 Be2 38.f4 Bb5 39.Nd5 f5 40.Ne3 Be2 41.Ng2 Bb5 42.Nh4 Be8 43.Nf3 a4
44.Ne5 Ke6 45.Kc5 g5 46.h4 gxf4 47.gxf4 a6 48.Nf3 Bd7 49.Nd4+ Ke7 50.Kd5 Kf6
51.Kd6 Be8 52.Ne2 Bf7 53.Nc3 Bb3 54.Nd5+ Kg6 55.Ke5 Bc2 56.Nb4 Bb3 57.Nxa6 Bc2
58.Nc5 Kf7 59.Nb7 Bb1 60.Nd6+ Kg6 61.Ke6 Ba2+ 62.Ke7 Bb3 63.Nb7 Bc2 64.Nc5 Bd1
65.Nd7 Bc2 66.Ne5+ Kg7 67.Ke6 Bb1 68.Nc6  1-0

[Event "Munich"]
[Site "Munich"]
[Date "1993.??.??"]
[Round "5"]
[White "Gurevich, Mikhail"]
[Black "Hjartarson, Johann"]
[Result "1-0"]
[WhiteElo "2610"]
[BlackElo "2625"]

1.d4 Nf6 2.c4 g6 3.Nc3 Bg7 4.e4 d6 5.Nf3 O-O 6.Be2 e5 7.O-O Na6 8.Be3 Ng4
9.Bg5 Qe8 10.dxe5 dxe5 11.h3 h6 12.Bd2 Nf6 13.Be3 c6 14.c5 Qe7 15.Bxa6 bxa6
16.Qa4 Qc7 17.Rfd1 Rb8 18.Qc2 Be6 19.Rd6 Ne8 20.Rad1 Nxd6 21.cxd6 Qa5 22.b3 Rfd8
23.Na4 Bf8 24.Bxa7 Rb7 25.Bc5 f6 26.Nd2 Qb5 27.Nc4 Bxc4 28.bxc4 Qa5 29.a3 Rdb8
30.Bb4 Rxb4 31.axb4 Rxb4 32.Nb2 c5 33.d7 Be7 34.Qd2 Bd8 35.Qd5+ Kh8 36.Nd3  1-0

[Event "Munich op9293"]
[Site "Munich"]
[Date "1993.??.??"]
[Round "5"]
[White "Lenz, Thomas"]
[Black "Apicella, Manuel"]
[Result "0-1"]
[WhiteElo "2270"]
[BlackElo "2450"]

1.c4 Nf6 2.Nc3 g6 3.e4 d6 4.d4 Bg7 5.Nf3 O-O 6.Be2 e5 7.O-O Na6 8.Rb1 c6
9.Re1 exd4 10.Nxd4 Re8 11.Bf1 Ng4 12.h3 Qb6 13.hxg4 Qxd4 14.Qf3 Qe5 15.Bf4 Qe7
16.Rbd1 Be5 17.g3 Nc5 18.Rd2 Ne6 19.Be3 Ng5 20.Qe2 Bxc3 21.bxc3 Nxe4 22.Bf4 Nxd2
23.Qxe7 Nf3+ 24.Kh1 Rxe7 25.Rxe7 Bxg4 26.Rxb7 Kg7 27.Be2 Re8 28.Be3 c5 29.Rxa7 Ne5
30.Bxg4 Nxg4 31.Bf4 Nxf2+ 32.Kg2 Ne4 33.g4 g5 34.Bh2 Rb8 35.Kf3 Nd2+ 36.Ke2 Rb2
37.Kd3 Nf1  0-1

[Event "Munich op9293"]
[Site "Munich"]
[Date "1993.??.??"]
[Round "5"]
[White "Titz, Heimo"]
[Black "Taeger, Winfried"]
[Result "1/2-1/2"]
[WhiteElo "2345"]
[BlackElo "2315"]

1.c4 d6 2.d4 Nf6 3.Nc3 g6 4.e4 Bg7 5.Nf3 O-O 6.Be2 e5 7.O-O exd4 8.Nxd4 Re8
9.f3 c6 10.Be3 d5 11.cxd5 cxd5 12.Qb3 dxe4 13.Bc4 Rf8 14.Rad1 Qe7 15.Nxe4 Nxe4
16.fxe4 Nd7 17.Nb5 Ne5 18.Bd5 Be6 19.Bxe6 fxe6 20.Nd4 Rxf1+ 21.Rxf1 Re8 22.h3 a6
23.a4 h6 24.Kh1 Kh7 25.Kg1  1/2-1/2

[Event "Munich op9293"]
[Site "Munich"]
[Date "1993.??.??"]
[Round "9"]
[White "Lenz, Thomas"]
[Black "Poldauf, Dirk"]
[Result "0-1"]
[WhiteElo "2270"]
[BlackElo "2345"]

1.c4 Nf6 2.Nf3 g6 3.Nc3 Bg7 4.e4 d6 5.d4 O-O 6.Be2 e5 7.O-O Na6 8.Rb1 exd4
9.Nxd4 Re8 10.f3 c6 11.Kh1 Nh5 12.g4 Nf6 13.Bf4 h5 14.h3 Nh7 15.Rf2 Be5 16.Bh2 Qb6  0-1

[Event "Nagykanizsa op"]
[Site "Nagykanizsa"]
[Date "1993.??.??"]
[Round "7"]
[White "David, Adrian"]
[Black "Zila, Laszlo"]
[Result "1-0"]
[WhiteElo "2305"]
[BlackElo "2245"]

1.Nf3 Nf6 2.c4 g6 3.Nc3 Bg7 4.e4 d6 5.d4 O-O 6.Be2 e5 7.Be3 Nc6 8.d5 Ne7
9.Nd2 Nd7 10.b4 f5 11.f3 Nf6 12.c5 Rf7 13.Nc4 fxe4 14.fxe4 Nh5 15.cxd6 cxd6
16.Nb5 Nf4 17.O-O Rf6 18.Nxa7 Bd7 19.Nb6 Rb8 20.Nxd7 Qxd7 21.Bg4 Qe8 22.g3 Nh5
23.Qc2 Kh8 24.a4 Ng8 25.Nb5 Nh6 26.Bh3 Nf7 27.Be6 Nd8 28.Bh3 Nf7 29.Nc7 Qe7
30.b5 Rxf1+ 31.Rxf1 Ng5 32.Bg2 Rc8 33.b6 Bh6 34.Bc1 Qd7 35.a5 Qg4 36.Qd3 Rf8
37.Rxf8+ Bxf8 38.a6 bxa6 39.b7 Nh3+ 40.Bxh3 Qxh3  1-0

[Event "FRA-ch"]
[Site "Nantes"]
[Date "1993.??.??"]
[Round "13"]
[White "Bernard, Christophe"]
[Black "Prie, Eric"]
[Result "0-1"]
[WhiteElo "2385"]
[BlackElo "2445"]

1.d4 Nf6 2.c4 g6 3.Nf3 Bg7 4.Nc3 O-O 5.e4 d6 6.Be2 Na6 7.O-O e5 8.Re1 Qe8
9.dxe5 dxe5 10.b3 Nd7 11.Ba3 Nac5 12.b4 Ne6 13.b5 Ndc5 14.Ng5 b6 15.Nxe6 Bxe6
16.Qc2 c6 17.Rad1 Rc8 18.Na4 Nb7 19.bxc6 Qxc6 20.Bxf8 Bxf8 21.Nc3 b5 22.Qb1 bxc4
23.Rc1 Nd6 24.Red1 Bh6 25.Nd5 Bxd5 26.exd5 Qb6 27.Rc3 Qxb1 28.Rxb1 Bd2 29.Rc2 c3
30.Rd1 e4 31.g3 Kg7 32.Kf1 Kf6 33.Bg4 Rb8 34.Ke2 Ke5 35.Bd7 Kd4 36.Ba4 Ke5
37.Bb3 Nb5 38.Rcxd2 cxd2 39.Kxd2 Nd4 40.Kc3 Rc8+ 41.Kb4 Rd8 42.Bc4 Rc8 43.Bb3 Nxb3
44.axb3 Kd6 45.Rd4 f5 46.Rc4 Rb8+ 47.Kc3 Rb5 48.b4 Rxd5 49.Rc8 Rd3+ 50.Kc4 Rf3
51.Rd8+ Ke6 52.Rd2 Ra3 53.b5 g5 54.Rd8 Rd3 55.Rg8 Kf6 56.Rf8+ Kg6 57.Rg8+ Kh6
58.Ra8 Rd7 59.Kc5 Kh5 60.Rf8 Kg4 61.h3+ Kxh3 62.Rxf5 Kg2 63.g4 Rd2 64.Rf7 Rxf2
65.Rxa7 e3 66.Re7 e2 67.b6 Kf1 68.b7 Rf8  0-1

[Event "Maccabiah op"]
[Site "Netanya"]
[Date "1993.??.??"]
[Round "9"]
[White "Bruk, Ofer"]
[Black "Bolbochan, Julio"]
[Result "1-0"]
[WhiteElo "2440"]
[BlackElo "2470"]

1.Nf3 Nf6 2.c4 g6 3.Nc3 Bg7 4.e4 d6 5.d4 O-O 6.Be2 e5 7.dxe5 dxe5 8.Qxd8 Rxd8
9.Bg5 Re8 10.Nd5 Nxd5 11.cxd5 c6 12.Bc4 cxd5 13.Bxd5 Nc6 14.O-O-O Be6 15.Bxe6 Rxe6
16.Rd7 Rc8 17.Kb1 h6 18.Be3 b6 19.Rc1 Kf8 20.Nd2 Ke8 21.Rd3 Bf8 22.a3 Rd8
23.Rdc3 Nd4 24.Rc8 Nb5 25.a4 Nd6 26.R8c6 f5 27.exf5 gxf5 28.g3 Kf7 29.f4 Rd7
30.Nf3 exf4 31.Bxf4 Bg7 32.Rd1 Ke7 33.Nh4 Bf8 34.Rcxd6 Rexd6 35.Nxf5+ Ke6
36.Nxd6  1-0

[Event "USA-chJ New York"]
[Site "New York"]
[Date "1993.??.??"]
[Round "?"]
[White "Manion, Josh"]
[Black "Sidelnikov, Alexander"]
[Result "1-0"]
[WhiteElo "2310"]
[BlackElo "2230"]

1.d4 Nf6 2.c4 d6 3.Nc3 Nbd7 4.e4 e5 5.Nf3 g6 6.Be2 Bg7 7.O-O O-O 8.Be3 Ng4
9.Bg5 f6 10.Bd2 Nh6 11.b4 c6 12.Qb3 Nf7 13.Rad1 Qe7 14.Be3 Kh8 15.c5 dxc5
16.bxc5 f5 17.dxe5 Nfxe5 18.exf5 gxf5 19.Rfe1 Nxf3+ 20.Bxf3 Ne5 21.Be2 f4
22.Bd4 f3 23.gxf3 Qh4 24.Ne4 Rg8 25.Kh1 Bf5 26.Nd6 Raf8 27.Rg1 Bg6 28.Rg3 Rf4
29.Qe3 Qf6 30.Re1 b6 31.Ba1 bxc5 32.Nc4 Re8 33.Nxe5 Rxe5 34.Bxe5 Qxe5 35.Bd3 Qf6
36.Bxg6 hxg6  1-0

[Event "New York op"]
[Site "New York"]
[Date "1993.??.??"]
[Round "1"]
[White "Ehlvest, Jaan"]
[Black "Hulse, Brian"]
[Result "1-0"]
[WhiteElo "2625"]
[BlackElo "2355"]

1.d4 Nf6 2.c4 g6 3.Nc3 Bg7 4.e4 d6 5.Be2 O-O 6.Nf3 e5 7.O-O Nbd7 8.d5 Kh8
9.Bg5 h6 10.Bh4 g5 11.Bg3 Nh5 12.Ne1 Nf4 13.Bg4 Nf6 14.Bxc8 Qxc8 15.Nc2 Ng8
16.Ne3 Ne7 17.h4 gxh4 18.Bxh4 Nfg6 19.Bxe7 Nxe7 20.Qd3 f5 21.exf5 Nxf5 22.Nxf5 Qxf5
23.Qxf5 Rxf5 24.Ne4 Bf8 25.Rac1 Rd8 26.Rc3 Rf4 27.f3 a5 28.Kf2 Rh4 29.Ra3 b6
30.Rb1 Rd7 31.Kg1 Rf4 32.g3 Rg7 33.Kf2 Rf5 34.Rh1 Rg6 35.Rd3 Kg7 36.Rdd1 Kf7
37.Rh3 Be7 38.a3 Ke8 39.b4 axb4 40.axb4 Kd7 41.Ra1 Bf8 42.Rah1 Bg7 43.Rh5 Rxh5
44.Rxh5 Bf8 45.Rf5 Ke7 46.g4 Bg7 47.Ke3 Bf6 48.Rh5 Kf7 49.Rh1 Ke7 50.Kd3 Bg7
51.Ng3 Bf8 52.Ke4 Rf6 53.Nf5+ Ke8 54.Ra1 Kd7 55.Ra8 Rf7 56.b5 Rf6 57.Ke3 Rf7
58.Kf2 h5 59.Ke3 hxg4 60.fxg4 Be7 61.Rg8 Bd8 62.Ke4 Rh7 63.Rg7+ Rxg7 64.Nxg7  1-0

[Event "New York op"]
[Site "New York"]
[Date "1993.??.??"]
[Round "3"]
[White "Epishin, Vladimir"]
[Black "Zlotnikov, Mikhail"]
[Result "0-1"]
[WhiteElo "2620"]
[BlackElo "2385"]

1.d4 g6 2.c4 Bg7 3.Nc3 d6 4.Nf3 Nf6 5.e4 O-O 6.Be2 Nbd7 7.O-O e5 8.Re1 c6
9.Bf1 a5 10.dxe5 dxe5 11.Na4 Qe7 12.b3 Rb8 13.Bb2 Ne8 14.Qd2 b6 15.Rad1 f6
16.g3 Rf7 17.h4 h5 18.Kh2 Kh7 19.Bc1 Bf8 20.Bh3 Nc7 21.Qe3 Ne6 22.Rg1 Ndc5
23.Nc3 Nc7 24.Bxc8 Rxc8 25.Ba3 Qe6 26.Ne1 N7a6 27.Nc2 f5 28.Qe2 f4 29.Ne1 Be7
30.g4 f3 31.Qd2 hxg4 32.Bc1 Rh8 33.Rh1 Kg8 34.Kg1 Rfh7 35.Nc2 Qf6 36.Nd5 cxd5
37.Qxd5+ Qe6 38.Qa8+ Kf7 39.Qa7 Qf6  0-1

[Event "New York Enhance"]
[Site "New York"]
[Date "1993.??.??"]
[Round "9"]
[White "Sokolin, Leonid M"]
[Black "Kreiman, Boris"]
[Result "1-0"]
[WhiteElo "2430"]
[BlackElo "2400"]

1.d4 Nf6 2.c4 g6 3.Nc3 Bg7 4.e4 d6 5.Nf3 O-O 6.Be2 e5 7.Be3 Ng4 8.Bg5 f6
9.Bc1 Nc6 10.O-O Nh6 11.d5 Ne7 12.Ne1 f5 13.f3 f4 14.Nd3 g5 15.Bd2 Rf7 16.b4 Bf8
17.a4 Rg7 18.g4 Nf7 19.h3 h5 20.Kg2 Ng6 21.Rh1 Rh7 22.a5 Be7 23.Be1 Kg7 24.Bf2 Bd7
25.Rc1 Qh8 26.c5 Rh6 27.c6 bxc6 28.dxc6 Bxc6 29.b5 Be8 30.Nb4 hxg4 31.hxg4 Nh4+
32.Bxh4 gxh4 33.Rh3 d5 34.Ncxd5 Bxb4 35.Nxb4 Rd8 36.Qe1 Rd7 37.Nc6 Qf8 38.Bc4 Qa3
39.Rc2 Ng5 40.Nxe5 Re7 41.Nd3 Nxh3 42.Kxh3 Bf7 43.Ra2 Qd6 44.Qc3+ Kf8 45.e5 Qg6
46.Ra4 Bxc4 47.Rxc4 Rhh7 48.Rc6 Qg5 49.Qc5 Kg8 50.Qd5+ Rhf7 51.Qe4 Rg7 52.Ra6 Re8
53.Rxa7 Qe7 54.b6 Qa3 55.Ra8  1-0

[Event "New York op"]
[Site "New York"]
[Date "1993.??.??"]
[Round "9"]
[White "Van Wely, Loek"]
[Black "Fishbein, Alexander"]
[Result "1-0"]
[WhiteElo "2560"]
[BlackElo "2510"]

1.d4 Nf6 2.c4 g6 3.Nc3 Bg7 4.e4 d6 5.Nf3 O-O 6.Be2 e5 7.O-O exd4 8.Nxd4 Re8
9.f3 Nh5 10.g4 c5 11.Nf5 gxf5 12.gxh5 Nc6 13.Kh1 Kh8 14.Rg1 Nd4 15.Nd5 h6
16.Be3 Rg8 17.Qd2 Nxe2 18.Qxe2 Be6 19.Qd2 Kh7 20.exf5 Bxf5 21.Rxg7+ Rxg7
22.Bxh6 Rg8 23.Qf4 f6 24.Re1 Re8 25.Rxe8  1-0

[Event "Nikolaev zt"]
[Site "Nikolaev"]
[Date "1993.??.??"]
[Round "?"]
[White "Neverov, Valeriy"]
[Black "Ryskin, Alexander"]
[Result "1-0"]
[WhiteElo "2550"]
[BlackElo "2505"]

1.d4 Nf6 2.c4 g6 3.Nc3 Bg7 4.e4 O-O 5.Nf3 d6 6.Be2 e5 7.O-O Na6 8.Re1 c6
9.Bf1 Bg4 10.d5 Kh8 11.Bg5 Qd7 12.h3 Bxf3 13.Qxf3 Ng8 14.dxc6 bxc6 15.Rad1 Nc5
16.Qe3 Ne6 17.c5 Nd4 18.cxd6 f6 19.Bh4 Nc2 20.Qd2 Nxe1 21.Qxe1 Rfd8 22.Bc4 g5
23.Bg3 Bf8 24.h4 g4 25.Na4 Bxd6 26.Nc5 Qe7 27.Ne6 Re8 28.Rd3 Rab8 29.Qd1 Rb4
30.Bb3 Rxe4 31.Rxd6 Re1+ 32.Qxe1 Qxd6 33.Nf4 Ne7 34.Nh5 Ng6 35.Qe4 Rf8 36.Qf5 Qd4
37.Bc2 Qxb2 38.Qd7 Qc1+ 39.Kh2 Qh6 40.Qxg4 Ne7 41.Qe6 Nd5 42.Bd1 Nf4 43.Bxf4 exf4
44.Qxc6 Qg6 45.Nxf4 Qf7 46.Qd6 Qe8 47.Bb3 Qb8 48.Qxb8 Rxb8 49.Nh5 Rb6 50.g4 h6
51.Kg3 Kh7 52.Kf3 a5 53.Ng3 Rb4 54.Bc2+ Kh8 55.Nf5 Kh7 56.Ne3+ Kg7 57.h5 Rb2
58.Nf5+ Kh7 59.Bb3 a4 60.Bxa4 Rxa2 61.Be8  1-0

[Event "Nis op"]
[Site "Nis"]
[Date "1993.??.??"]
[Round "?"]
[White "Cabrilo, Goran"]
[Black "Ristic, Nenad"]
[Result "1-0"]
[WhiteElo "2505"]
[BlackElo "2400"]

1.Nf3 Nf6 2.c4 g6 3.Nc3 Bg7 4.e4 d6 5.d4 O-O 6.Be2 e5 7.d5 a5 8.Bg5 h6 9.Bh4 Na6
10.Nd2 Nc5 11.O-O Bd7 12.b3 Qe8 13.Rb1 g5 14.Bg3 Nfxe4 15.Ncxe4 Nxe4 16.Nxe4 f5
17.Nd2 f4 18.Bh5 Qd8 19.f3 fxg3 20.hxg3 Bf5 21.Bg4 Bxg4 22.fxg4 e4 23.Rxf8+ Qxf8
24.Nxe4 Qe7 25.Qd3 Re8 26.Re1 Kh8 27.Re2 Qf8 28.Nd2 Rxe2 29.Qxe2 Be5 30.Qf2 Qxf2+
31.Kxf2 Kg7 32.Kf3 b6 33.Nf1 Kg6 34.Ne3 Bd4 35.Nf5 Bf6 36.Ke4 Kh7 37.Ne3 Kg6
38.Nc2 Bb2 39.b4 a4 40.b5 Bc3 41.Kd3 Be5 42.Nb4 Bxg3 43.Ke4 Bf2 44.Na6 Kf6
45.Nxc7 Bc5 46.Na6 Bf2 47.Nb4 Be1 48.Nd3 Bc3 49.Nc1 Bb2 50.Ne2 Be5 51.Ng1 Bb2
52.Nf3 Bc3 53.Nd4 Bb4 54.Nf5 Kg6 55.Ne3 Kf6 56.Nd1 a3 57.Nf2 Be1 58.Nd3 Bc3
59.Ke3 Kg6 60.Nf2 Bb2 61.Ne4 Be5 62.Kf3 Bf4 63.g3 Be5 64.c5 dxc5 65.Nd2 Kf6
66.Nc4 Bc7 67.Ke4 Ke7 68.Nxa3 Bxg3 69.Nc4 Bc7 70.Kf5 Kd7 71.a4 Ke7 72.d6+ Bxd6
73.Nxb6  1-0

[Event "Nis op"]
[Site "Nis"]
[Date "1993.??.??"]
[Round "?"]
[White "Vasiljevic, Dragan"]
[Black "Pikula, Dejan"]
[Result "1/2-1/2"]
[WhiteElo "2405"]
[BlackElo "2335"]

1.d4 Nf6 2.c4 g6 3.Nc3 Bg7 4.e4 d6 5.Nf3 O-O 6.Be2 e5 7.d5 a5 8.Bg5 h6 9.Bh4 Na6
10.Nd2 Qe8 11.O-O Nh7 12.Nb5 Bd7 13.a3 h5 14.f3 Bh6 15.Kh1 f5 16.exf5 gxf5
17.f4 Nf6 18.Bxf6 Rxf6 19.Bxh5 Qe7 20.Qe2 Bg7 21.fxe5 dxe5 22.g4 e4 23.gxf5 Bxf5
24.Bg4 Bh7 25.Rxf6 Qxf6 26.Nxe4 Qxb2 27.Re1 Qe5 28.Nf2 Qg5 29.d6 cxd6 30.Be6+ Kh8
31.Nxd6 Bg6 32.Nf7+ Bxf7 33.Bxf7 Rf8 34.Ne4 Qh4 35.Rf1 Qh6 36.Rf5 Qc1+ 37.Kg2 Bh6
38.Rf1 Qe3 39.Qg4 Nc5 40.Nxc5 Qxc5 41.Bd5 Qe7 42.a4 b6 43.Rxf8+ Qxf8 44.Qe6 Qg7+
45.Kh3 Qc3+ 46.Kh4 Qg7 47.Qe8+ Qf8 48.Qe5+ Bg7 49.Qh5+ Bh6 50.Qe5+ Bg7  1/2-1/2

[Event "NLD-chT"]
[Site "?"]
[Date "1993.??.??"]
[Round "6"]
[White "Sosonko, Gennadi"]
[Black "Hendriks, Willy"]
[Result "1/2-1/2"]
[WhiteElo "2535"]
[BlackElo "2370"]

1.d4 g6 2.e4 Bg7 3.c4 d6 4.Nf3 Nd7 5.Nc3 e5 6.Be2 Ngf6 7.O-O O-O 8.Re1 c6
9.Bf1 exd4 10.Nxd4 Ng4 11.h3 Qb6 12.Qxg4 Bxd4 13.Qe2 Nc5 14.Bh6 Re8 15.Qd2 Ne6
16.Rad1 a5 17.Be3 Bxe3 18.Rxe3 Nc5 19.Qxd6 Be6 20.b3 Red8 21.Qe5 Rxd1 22.Nxd1 a4
23.Rg3 axb3 24.axb3 Re8 25.Ne3 Bd7 26.Qd6 Re6 27.Qb8+ Re8 28.Qd6 Re6 29.Qb8+ Re8  1/2-1/2

[Event "NOR-ch"]
[Site "?"]
[Date "1993.??.??"]
[Round "3"]
[White "Ostenstad, Berge"]
[Black "Fossan, Petter"]
[Result "1-0"]
[WhiteElo "2465"]
[BlackElo "2315"]

1.d4 Nf6 2.Nf3 g6 3.c4 Bg7 4.Nc3 O-O 5.e4 d6 6.Be2 Nbd7 7.O-O e5 8.Qc2 c6
9.d5 a5 10.Rb1 Nc5 11.Be3 cxd5 12.cxd5 Ne8 13.Nd2 f5 14.f3 Bd7 15.Bb5 Rc8
16.Bxd7 Qxd7 17.a4 Bf6 18.Nc4 Bd8 19.Nb5 Rf7 20.Na7 Rc7 21.Nb6 Qe7 22.Nb5 Qh4
23.Nxc7  1-0

[Event "NOR-chT east"]
[Site "NOR"]
[Date "1993.??.??"]
[Round "6"]
[White "Liabotro, Pal Ole"]
[Black "Moen, Ole Christian"]
[Result "1-0"]
[WhiteElo "2310"]
[BlackElo "2245"]

1.d4 Nf6 2.c4 g6 3.Nc3 Bg7 4.e4 d6 5.Nf3 O-O 6.Be2 e5 7.Be3 Nc6 8.d5 Ne7
9.Nd2 c5 10.g4 Nxg4 11.Bxg4 f5 12.h3 f4 13.Bxc5 dxc5 14.Nb3 Qb6 15.Qd2 h5
16.Bxc8 Nxc8 17.Na4 Qd8 18.Naxc5 Nd6 19.Qd3 Qh4 20.Nd2 f3 21.Ne6 Bh6 22.Nxf3 Qf6
23.Ke2 Nxc4 24.Rhg1 Kh8 25.h4 Nd2 26.Rg3 Bf4 27.Nxd2 Bxd2 28.Qxd2 Qxf2+ 29.Kd1 Qf1+
30.Qe1 Rf3 31.Rxf3 Qxf3+ 32.Kd2 Rc8 33.Qf1  1-0

[Event "NOR-chT east"]
[Site "NOR"]
[Date "1993.??.??"]
[Round "8"]
[White "Liabotro, Pal Ole"]
[Black "Agdestein, Simen"]
[Result "0-1"]
[WhiteElo "2310"]
[BlackElo "2630"]

1.d4 Nf6 2.c4 g6 3.Nc3 Bg7 4.e4 d6 5.Nf3 O-O 6.Be2 e5 7.Be3 h6 8.O-O Ng4
9.Bc1 Nc6 10.d5 Ne7 11.h3 Nf6 12.Ne1 Ne8 13.Nd3 f5 14.g4 c6 15.f3 Qb6+ 16.c5 Qd8
17.Be3 Kh7 18.Qd2 b6 19.cxb6 cxd5 20.Nxd5 Nxd5 21.exd5 axb6 22.Nb4 Nf6 23.Bd3 Bd7
24.Qc2 Rc8 25.Qg2 Rc5 26.gxf5 gxf5 27.Nc6 Qe8 28.Bxc5 bxc5 29.Rae1 Nxd5 30.f4 Bxc6
31.fxe5 Nf4 32.Rxf4 Bxg2 33.Rxf5 Qg6 34.Rxf8 Qxd3 35.Rf7 Qg3  0-1

[Event "Oakham"]
[Site "Oakham"]
[Date "1993.??.??"]
[Round "8"]
[White "Wells, Peter K"]
[Black "Sakhatova, Elvira"]
[Result "1-0"]
[WhiteElo "2485"]
[BlackElo "2240"]

1.d4 Nf6 2.c4 g6 3.Nc3 Bg7 4.e4 d6 5.Nf3 O-O 6.Be2 e5 7.Be3 Ng4 8.Bg5 f6
9.Bc1 Nc6 10.O-O exd4 11.Nxd4 Nxd4 12.Qxd4 Be6 13.Bxg4 f5 14.Qd3 fxg4 15.Be3 Qd7
16.Rad1 Qf7 17.b3 a6 18.Bd4 Bxd4 19.Qxd4 Qg7 20.Qe3 Qe5 21.Rd3 Rf7 22.Qg3 Qxg3
23.hxg3 Re8 24.Re3 Bd7 25.Rfe1 Bc6 26.Nd5 Kf8 27.Nb4 Rfe7 28.f3 Re5 29.Kf2 Kg7
30.Rc3 Rf8 31.Nxc6 bxc6 32.c5 d5 33.f4 g5 34.exd5 Rxe1 35.Kxe1 cxd5 36.fxg5 Re8+
37.Kd2 Kg6 38.Re3 Rf8 39.Re6+ Kxg5 40.Ke2 Rf6 41.Re7 Kf5 42.Rxc7 Ke4 43.Rxh7 Kd4
44.Rh1 Kxc5 45.Ke3 Re6+ 46.Kd3 a5 47.Rf1 d4 48.Rf5+ Kb4 49.Rf2 Re3+ 50.Kxd4 Rxg3
51.Rc2 Ka3 52.Ke4 Kb4 53.Kf4 Rc3 54.Re2 g3 55.Re4+ Kb5 56.a4+ Kc5 57.Re5+ Kb6
58.Re3 Rxe3 59.Kxe3 Kc5 60.Kd3 Kd5 61.Kc3  1-0

[Event "Oberwart op"]
[Site "Oberwart"]
[Date "1993.??.??"]
[Round "8"]
[White "Novik, Maxim"]
[Black "Gallagher, Joseph G"]
[Result "0-1"]
[WhiteElo "2475"]
[BlackElo "2515"]

1.Nf3 Nf6 2.c4 g6 3.d4 Bg7 4.Nc3 O-O 5.e4 d6 6.Be2 e5 7.d5 a5 8.h3 Na6 9.Bg5 Qe8
10.Nd2 Nd7 11.g4 Ndc5 12.Rg1 Kh8 13.Nf1 c6 14.Ng3 cxd5 15.cxd5 Bd7 16.h4 b5
17.Qd2 b4 18.Nd1 f6 19.Be3 Qe7 20.h5 gxh5 21.f3 hxg4 22.fxg4 f5 23.gxf5 Bf6
24.Nf2 Rac8 25.Bxa6 Nxa6 26.Nh5 Rg8 27.Rxg8+ Rxg8 28.O-O-O Nc5 29.Nxf6 Qxf6
30.Bxc5 dxc5 31.Nd3 Bb5 32.Kb1 c4 33.Nc5 Rc8 34.Ne6 c3 35.Qc2 a4 36.Rh1 b3
37.axb3 axb3 38.Qxb3 Bd3+ 39.Kc1 Qe7 40.bxc3 Bxe4 41.Re1 Qh4 42.Rd1 Qg3 43.Nc7 Qe3+
44.Kb2 Rg8 45.Nb5 Qe2+ 46.Ka3 Bc2 47.Re1 Ra8+ 48.Kb2 Qxe1 49.Kxc2 Qe2+ 50.Kb1 Rg8
51.Qb2 Qf1+ 52.Ka2 Rg2  0-1

[Event "Odense"]
[Site "Odense"]
[Date "1993.??.??"]
[Round "1"]
[White "Grotnes, Nils"]
[Black "Pedersen, Steffen"]
[Result "1-0"]
[WhiteElo "2330"]
[BlackElo "2385"]

1.d4 d6 2.Nf3 Nf6 3.c4 g6 4.Nc3 Bg7 5.e4 O-O 6.Be2 e5 7.O-O Na6 8.Re1 c6
9.Bf1 Bg4 10.dxe5 Bxf3 11.Qxf3 dxe5 12.Be3 Qe7 13.Na4 Nd7 14.a3 Nc7 15.b4 Ne6
16.c5 f5 17.Bc4 Kh8 18.Bxe6 Qxe6 19.Bg5 fxe4 20.Qe3 a5 21.Nc3 axb4 22.axb4 Qc4
23.Rab1 Ra3 24.Rec1 Rf5 25.Qe1 e3 26.Bxe3 e4 27.Ne2 Qg8 28.Ng3 Ne5 29.Nxf5 gxf5
30.Qe2 Nd3 31.Rd1 Be5 32.f3 exf3 33.Qxf3 f4 34.Qe4 Qg6 35.Qxg6 hxg6 36.Bd2 Kg7
37.Kf1 Kf6 38.Bc1 Rc3 39.Bb2 Nxb2 40.Rxb2 Rc4 41.Rb3 Rc2 42.Rd7 Kf5 43.Rbd3 Ke4
44.Rd1 f3 45.Re1+  1-0

[Event "Odense"]
[Site "Odense"]
[Date "1993.??.??"]
[Round "5"]
[White "Grotnes, Nils"]
[Black "Meyer, Lars A"]
[Result "1/2-1/2"]
[WhiteElo "2330"]
[BlackElo "2345"]

1.d4 Nf6 2.c4 g6 3.Nc3 Bg7 4.e4 d6 5.Be2 O-O 6.Nf3 e5 7.O-O Qe8 8.d5 Nh5
9.Nd2 f5 10.exf5 Nf4 11.f6 Bxf6 12.Nde4 Nd7 13.Bg4 h5 14.Re1 hxg4 15.Bxf4 Bg7
16.Be3 Nf6 17.c5 Nxe4 18.Nxe4 Bf5 19.Ng3 Qb5 20.Qe2 Qxe2 21.Rxe2 dxc5 22.Bxc5 Rfd8  1/2-1/2

[Event "Odorheiu Secuiesc op"]
[Site "Odorheiu Secuiesc"]
[Date "1993.??.??"]
[Round "3"]
[White "Musat, Adrian"]
[Black "Skripchenko, Almira"]
[Result "1/2-1/2"]
[WhiteElo "2275"]
[BlackElo "2190"]

1.Nf3 Nf6 2.c4 g6 3.Nc3 Bg7 4.e4 d6 5.d4 O-O 6.Be2 e5 7.Be3 Ng4 8.Bg5 f6
9.Bh4 g5 10.Bg3 Nh6 11.dxe5 fxe5 12.h4 g4 13.Nh2 Qd7 14.Nd5 Nc6 15.Ne3 Nd4
16.Nexg4 Nxe2 17.Nxh6+ Bxh6 18.Qxe2 Qg7 19.Nf1 b5 20.cxb5 a6 21.f3 axb5 22.Bf2 Qf7
23.a3 b4 24.Ne3 bxa3 25.Rxa3 Rxa3 26.bxa3 Qb3 27.Qc4+ Qxc4 28.Nxc4 Be6 29.Be3 Bf4
30.Bxf4 exf4 31.Nd2 Ra8 32.Nb1 Ba2 33.Kd2 Bxb1 34.Rxb1 Rxa3 35.Rb8+ Kf7 36.Rb7 Ra2+
37.Kd3 Rxg2 38.Rxc7+ Ke6 39.Rxh7 Rf2  1/2-1/2

[Event "Odorheiu Secuiesc-B"]
[Site "Odorheiu Secuiesc"]
[Date "1993.??.??"]
[Round "5"]
[White "Glodeanu, Ion"]
[Black "Iordachescu, Viorel"]
[Result "0-1"]
[WhiteElo "2360"]
[BlackElo "2375"]

1.Nf3 Nf6 2.c4 g6 3.Nc3 Bg7 4.e4 d6 5.d4 O-O 6.Be2 Nbd7 7.O-O e5 8.Be3 Re8
9.d5 Nh5 10.g3 Bf8 11.Ne1 Ng7 12.Nd3 Be7 13.Qd2 f5 14.f3 Rf8 15.Rac1 Nf6
16.c5 h5 17.cxd6 cxd6 18.Nf2 h4 19.Bg5 hxg3 20.hxg3 Nfh5 21.Bxe7 Qxe7 22.Nh1 Nxg3
23.Rf2 Nxh1 24.Kxh1 f4 25.Rh2 Nh5 26.Rg1 Ng3+ 27.Kg2 Bd7 28.Kf2 Kg7 29.Ke1 Rh8
30.Bb5 Bxb5 31.Nxb5 a6 32.Nc3 Qc7 33.Rgg2 Qc4 34.Ne2 Qxa2 35.Nxf4 Qb1+ 36.Kf2 exf4
37.Qc3+ Kf7 38.Qc7+ Kg8 39.Rxh8+ Kxh8 40.Rh2+ Nh5  0-1

[Event "Odorheiu Secuiesc op"]
[Site "Odorheiu Secuiesc"]
[Date "1993.??.??"]
[Round "6"]
[White "Serban Mitaru, Dan"]
[Black "Fugulyan, Gergely"]
[Result "1-0"]
[WhiteElo "2330"]
[BlackElo "2250"]

1.d4 Nf6 2.c4 g6 3.Nc3 Bg7 4.Nf3 d6 5.e4 O-O 6.Be2 Nbd7 7.O-O e5 8.dxe5 dxe5
9.Qc2 c6 10.b4 Qc7 11.a4 a5 12.b5 Nh5 13.Ba3 Re8 14.g3 Bf8 15.Bxf8 Nxf8 16.Qd2 Bh3
17.Rfd1 Rad8 18.Qe3 Nf6 19.Rxd8 Rxd8 20.Qc5 N8d7 21.Qa7 cxb5 22.axb5 Nb6
23.Nd5 Nfxd5 24.exd5 Nxc4 25.Ng5 Bf5 26.Bxc4 Qxc4 27.Qxb7 Qxd5 28.Qe7 Rc8
29.g4 Bxg4 30.Re1 h6 31.Ne4 Qe6 32.Qh4 g5 33.Nf6+ Qxf6 34.Qxg4 Rc2 35.Qg2 e4
36.Qg3 Qd4 37.Rb1 Qb6 38.h4 Rc5 39.Qe3 gxh4 40.Kh1 h3 41.Rg1+ Kf8 42.Rb1 a4
43.Qa3 e3 44.Qxe3 Qb7+ 45.f3 Rg5 46.b6 h2 47.Rd1 Qb8 48.Qd4 Rg1+ 49.Rxg1 hxg1=Q+
50.Qxg1 Qa8 51.Qc5+ Ke8 52.Qe5+ Kd7 53.Qc7+ Ke6 54.b7 Qa6 55.Qc8+ Kf6 56.Qd8+ Kg7
57.Qd4+ f6 58.Qg4+ Kf7 59.b8=Q Qf1+ 60.Kh2  1-0

[Event "Odorheiu Secuiesc-B"]
[Site "Odorheiu Secuiesc"]
[Date "1993.??.??"]
[Round "7"]
[White "Glodeanu, Ion"]
[Black "Zimmerman, Yuri"]
[Result "1/2-1/2"]
[WhiteElo "2360"]
[BlackElo "2360"]

1.Nf3 Nf6 2.c4 g6 3.Nc3 Bg7 4.e4 d6 5.d4 O-O 6.Be2 e5 7.dxe5 dxe5 8.Qxd8 Rxd8
9.Bg5 c6 10.Nxe5 Re8 11.O-O-O Na6 12.Nf3 Nc5 13.Nd2 Nfd7 14.Be3 Bxc3 15.bxc3 Nxe4
16.Nxe4 Rxe4 17.Rd4 Re8 18.h4 Nc5 19.h5 Ne4 20.hxg6 fxg6 21.Bd3 Bf5 22.g4 c5
23.gxf5 cxd4 24.Bxd4 Rad8 25.fxg6 Rxd4 26.cxd4 Nxf2 27.gxh7+ Kh8 28.Bg6 Nxh1
29.Bxe8 Kxh7 30.Bh5 Ng3 31.Bf3 Kg7 32.Kd2 Nf5 33.Kd3 b6 34.Ke4 Kf6 35.Bg4 Nd6+
36.Kd5 Ke7 37.a4 Nb7 38.c5 bxc5 39.dxc5 Na5 40.Be2 Kd7 41.Bb5+ Kc7 42.Be2 Nc6
43.Bf3 Nd8 44.Kc4 Ne6 45.Bd5 Nf8 46.Kb5 Nd7 47.Be6 Ne5 48.Bf5 Nd7 49.Be4 Nf6
50.Bg2 Nd7 51.a5 Ne5 52.Be4 Nd7 53.Kc4 Ne5+ 54.Kd4 Nc6+ 55.Bxc6 Kxc6 56.Kc4 Kc7
57.Kb4 Kb7 58.c6+ Kc7 59.Kc5 Kd8 60.Kd6  1/2-1/2

[Event "Odorheiu Secuiesc op"]
[Site "Odorheiu Secuiesc"]
[Date "1993.??.??"]
[Round "7"]
[White "Musat, Adrian"]
[Black "Csomos, Roland"]
[Result "1-0"]
[WhiteElo "2275"]
[BlackElo "2345"]

1.Nf3 Nf6 2.c4 g6 3.Nc3 Bg7 4.e4 d6 5.d4 O-O 6.Be2 Nbd7 7.O-O e5 8.Be3 c6
9.d5 cxd5 10.cxd5 Ng4 11.Bg5 f6 12.Bh4 Qb6 13.Nd2 Nh6 14.Nc4 Qc5 15.Rc1 Nb6
16.Nd2 Qc7 17.f3 Bd7 18.Nb5 Qd8 19.Nxd6 Ba4 20.b3 Bxb3 21.Qxb3 Qxd6 22.a4 Nf7
23.a5 Nd7 24.Qxb7 Rfb8 25.Qc6 Qb4 26.Nc4 Nf8 27.Bxf6 Rc8 28.Qa6 Bxf6 29.Qxf6 Qc5+
30.Kh1 Nd7 31.Qe6  1-0